The memoirs of Sherlock Holmes / (Record no. 296)

MARC details
000 -LEADER
fixed length control field 00665nam a2200229 a 4500
005 - DATE AND TIME OF LATEST TRANSACTION
control field 20260322212014.0
008 - FIXED-LENGTH DATA ELEMENTS--GENERAL INFORMATION
fixed length control field data
010 ## - LIBRARY OF CONGRESS CONTROL NUMBER
LC control number 75018880
020 ## - INTERNATIONAL STANDARD BOOK NUMBER
International Standard Book Number 0891040242
020 ## - INTERNATIONAL STANDARD BOOK NUMBER
International Standard Book Number 9780891040248
040 ## - CATALOGING SOURCE
Original cataloging agency DLC
Transcribing agency DLC
Modifying agency WSC
-- WSC
049 ## - LOCAL HOLDINGS (OCLC)
Holding library WSCC
050 0# - LIBRARY OF CONGRESS CALL NUMBER
Classification number PR4621
Item number .M45 1975
082 ## - DEWEY DECIMAL CLASSIFICATION NUMBER
Classification number 823/.9/12
001 - CONTROL NUMBER
control field data
100 1# - MAIN ENTRY--PERSONAL NAME
Personal name Doyle, Arthur Conan,
Dates associated with a name 1859-1930.
Titles and words associated with a name Sir,
245 14 - TITLE STATEMENT
Title The memoirs of Sherlock Holmes /
Statement of responsibility, etc. Arthur Conan Doyle.
260 0# - PUBLICATION, DISTRIBUTION, ETC.
Place of publication, distribution, etc. New York :
Name of publisher, distributor, etc. A & W Visual Library,
Date of publication, distribution, etc. c1975.
300 ## - PHYSICAL DESCRIPTION
Extent 279 p. :
Other physical details ill. ;
Dimensions 23 cm.
500 ## - GENERAL NOTE
General note Reprint. Originally published: London : G. Newnes, 1894.
650 #0 - SUBJECT ADDED ENTRY--TOPICAL TERM
Topical term or geographic name entry element Detective and mystery stories, English.
Holdings
Withdrawn status Lost status Damaged status Not for loan Home library Current library Shelving location Date acquired Total checkouts Full call number Barcode Date last seen Price effective from Koha item type
        Centerville Centerville General stacks 22/03/2026   823/.9/12 BC0010305 22/03/2026 22/03/2026 Books